• 首页
  • 本馆介绍
  • 公告通知
  • 最新文献
  • 馆藏检索
  • 电子资源
  • 读者导购
  • 参考咨询
  • 我的图书馆
  • 登录
  • 详细信息显示
  • 放入我的书架
  • 预约/预借图书
  • 作者相关作品
  • 分类相关作品
  • 丛书相关作品
  • 出版社相关作品

书目信息

  • 表格格式
  • 工作单格式
  • 卡片格式
题名:
数码插画在新媒体时代的表现形式研究
    
 
作者: 喻冰如 著
分册:  
出版信息: 北京   中国原子能出版社  2019
页数: 296页
开本: 24cm
丛书名:
单 册:
中图分类: J218.5-39 , J218
科图分类:
主题词: 数字技术--应用--插图(绘画)--绘画技法
电子资源:
ISBN: 978-7-5022-9425-0
000 01173nam0 2200253 450
001 2333114391
005 20231018091226.64
010    @a978-7-5022-9425-0@dCNY69.00
100    @a20190612d2019 em y0chiy50 ea
101 0  @achi
102    @aCN@b110000
105    @aa z 000yy
200 1  @a数码插画在新媒体时代的表现形式研究@Ashu ma cha hua zai xin mei ti shi dai de biao xian xing shi yan jiu@f喻冰如著
210    @a北京@c中国原子能出版社@d2019
215    @a296页@d24cm
312    @a封面英文题名:Digital illustration: research on the forms of expression in the new media era
330    @a本书第一、二章介绍了数码插画的概念并对数码插画的历史进行了简单的梳理;第三、四、五章对数码插画的设计形式、表现方法以及创作技法进行了阐述;第六章对数码插画在新媒体时代的应用与形式进行了分析;最后两章列举了数码插域存在的问题以及数码插画的前景及发展趋势。
510 1  @aDigital illustration@eresearch on the forms of expression in the new media era@zeng
606 0  @a数字技术@x应用@x插图(绘画)@x绘画技法
690    @aJ218.5-39@v5
690    @aJ218@v4
701  0 @a喻冰如@Ayu bing ru@c(女)@4著
801  0 @aCN@b大连网信软件有限公司图书馆·11@c20231018
905    @aZUCC@dJ218@e14
    
    数码插画在新媒体时代的表现形式研究/喻冰如著.-北京:中国原子能出版社,2019
    296页;24cm
    
    
    ISBN 978-7-5022-9425-0:CNY69.00
    本书第一、二章介绍了数码插画的概念并对数码插画的历史进行了简单的梳理;第三、四、五章对数码插画的设计形式、表现方法以及创作技法进行了阐述;第六章对数码插画在新媒体时代的应用与形式进行了分析;最后两章列举了数码插域存在的问题以及数码插画的前景及发展趋势。
●
相关链接 在五车中查询图书 在当当中查询图书 在豆瓣中查询图书


正题名:数码插画在新媒体时代的表现形式研究     索取号:J218/14         预约/预借

序号 登录号 条形码 馆藏地/架位号 状态 备注
1 2001032607   2001032607   第四书库/四35架B面5层1列/ [索取号:J218/14] 在馆    
2 2001032608   2001032608   第四书库/四35架B面5层1列/ [索取号:J218/14] 在馆    
3 2001032609   2001032609   第四书库/四35架B面5层1列/ [索取号:J218/14] 在馆    
4 2001032610   2001032610   第四书库/四35架B面5层1列/ [索取号:J218/14] 在馆    
5 2001032611   2001032611   第四书库/四35架B面5层1列/ [索取号:J218/14] 在馆    
6 2001032612   2001032612   第四书库/四35架B面5层1列/ [索取号:J218/14] 在馆    
山东省滨州职业学院图书馆 欢迎您!
大连网信软件有限公司© 版权所有